01460 2200289 4500001002100000005001500021035002000036007000300056008004100059020002200100082000800122084001700130100002800147245009800175250003100273300003800304650001800342700002800360700002600388520060500414264004501019336002101064337003001085338002301115990001601138990001601154INLIS00000000116495520241011090333 a0010-1024000100ta241011 g f ind  a978-602-06-5547-5 a823 aSR 823 ORW r0 aOrwell, Georgeepenulis1 aRepublik hewan = Animal farm /cGeorge Orwell; penerjemah, Djokolelono; editor, Tanti Lesmana aCetakan kelima, April 2024 a127 halaman :bilustrasi ;c21 cm 4aFiksi Inggris0 aDjokolelonoepenerjemah0 aTanti Lesmanaeeditor aTuan Jones dari Pertanian Manor sangat malas dan pemabuk berat. Suatu hari dia lupa memberi makan binatang-binatang peliharaannya, maka terjadilah pemberontakan di bawah pimpinan dua babi bernama Napoleon dan Snowball. Para binatang mengambil alih pertanian itu dan berikrar untuk menghapuskan ketidaksetaraan yang sangat timpang di antara mereka. Pertanian Manor ganti nama menjadi Pertanian Hewan, dan dikelola untuk kesejahteraan semua penghuninya yang berkaki empat. Tetapi dengan berlalunya waktu, semua idealisme mereka rontok, lalu terlupakan. Dan muncullah perkembangan baru yang tak terduga. aJakarta :bGramedia Pustaka Utama,c2024 2rdacontentateks 2rdamediaatanpa perantara 2rdacarrieravolume a54981.67801 a54981.67801